| 000 | 01515nam a2200433Ii 4500 | ||
|---|---|---|---|
| 001 | DIGUDS0984 | ||
| 003 | NyNyDIG | ||
| 006 | m o d | ||
| 007 | cr ||||||||||| | ||
| 008 | 140401s2011 sp ob 001 0 spa d | ||
| 020 |
_a9788478007387 _q(eBook) |
||
| 020 | _z9788478002887 | ||
| 020 | _z847800288X0 | ||
| 035 | _a(OCoLC)849456465 | ||
| 040 |
_aDGITA _beng _epn _cDGITA |
||
| 043 | _ae-sp--- | ||
| 050 | 1 | 4 | _aKKT2064.51978 eBook |
| 100 | 1 | _aIglesias Bárez, Mercedes. | |
| 245 | 1 | 0 |
_aEstructura orgánica y derechos fundamentales en la Constitución española de 1978 / _cMercedes Iglesias Bárez. |
| 250 | _a2nd ed. | ||
| 264 | 1 |
_aSalamanca : _bEdiciones Universidad de Salamanca, _c2011. |
|
| 300 | _a1 online resource (330 pages) | ||
| 336 |
_atext _btxt _2rdacontent |
||
| 337 |
_acomputer _bc _2rdamedia |
||
| 338 |
_aonline resource _bcr _2rdacarrier |
||
| 490 | 1 |
_aManuales universitarios ; _v84 |
|
| 500 | _a1st ed. mayo 2010. | ||
| 504 | _aIncludes bibliographical references. | ||
| 610 | 1 | 0 |
_aSpain. _tConstitución (1978) |
| 650 | 0 |
_aConstitutional law _zSpain. |
|
| 650 | 0 |
_aCivil rights _zSpain. |
|
| 655 | 0 | _aElectronic books. | |
| 791 | 2 |
_aDigitalia (Firm), _edistributor. |
|
| 830 | 0 |
_aManuales universitarios (Salamanca, Spain) ; _v84 |
|
| 793 | 0 |
_gDigitalia eBook Collection: _aEdiciones Universidad de Salamanca. |
|
| 856 | 4 | 0 |
_3Digitalia Hispánica _uhttps://www.digitaliapublishing.com/a/12626/ |
| 910 | _aPremium Collection: 2007-2012 | ||
| 942 | _cRAA | ||
| 999 |
_c232561 _d232561 |
||